| 000 | 00000cam 2200000zi 4500 |
| 001 | 9.558168 |
| 003 | CaOODSP |
| 005 | 20230131161132 |
| 007 | cr ||||||||||| |
| 008 | 150406s2002||||xxc|||||o f|0| 0 eng d |
| 020 | |a0-662-32440-4 |
| 022 | |a1701-4387 |
| 040 | |aCaOODSP|beng |
| 043 | |an-cn--- |
| 086 | 1 |aM44-2002/F3E-PDF |
| 100 | 1 |aBerman, Robert G. |q(Robert Glenn), |d1951- |eauthor. |
| 245 | 10|aSHRIMP U-Pb ages of multiple metamorphic events in the Angikuni Lake area, western Churchill Province, Nunavut / |cRobert G. Berman [et al.]. |
| 260 | |aOttawa, Ontario : |bNatural Resources Canada, |c2002. |
| 300 | |a1 online resource (11 pages) : |bcoloured maps, figure, graphs, tables, photographs. |
| 336 | |atext|btxt|2rdacontent |
| 337 | |acomputer|bc|2rdamedia |
| 338 | |aonline resource|bcr|2rdacarrier |
| 490 | 1 |aCurrent research 2002 ; |x1701-4387|v2002-F3 |
| 504 | |aIncludes bibliographical references. |
| 546 | |aRésumés en français. |
| 590 | |a11-13-Supp|b2011-08-04 |
| 710 | 2 |aGeological Survey of Canada, |eissuing body. |
| 830 | #0|aCurrent research (Geological Survey of Canada)|x1701-4387|v2002-F3|w(CaOODSP)9.506236 |
| 856 | 40|ahttp://publications.gc.ca|qPDF|s2.25 MB|uhttps://publications.gc.ca/collections/collection_2011/rncan-nrcan/M44-2002-F3-eng.pdf|y2002-F3 |